| 000 | 00000nam##2200000za#4500 |
| 001 | 9.638240 |
| 003 | CaOODSP |
| 005 | 20230117132343 |
| 007 | cr ||||||||||| |
| 008 | 150407|2006||||xxc|||||o f|0| 0 fre|d |
| 040 | |aCaOODSP|bfre |
| 043 | |an-cn--- |
| 086 | 1 |aJL2-76/2006F-PDF |
| 110 | 2 |aCommission du droit du Canada. |
| 245 | 10|aS'établir au Canada? Entraves politiques et juridiques / |h[ressource électronique]|cpar Sarah V. Wayland. |
| 246 | 1 |aRenforcer les capacités au coeur de la justice sociale |
| 260 | |aOttawa - Ontario : |bCommission du droit du Canada |cc2006. |
| 300 | |a64p.|btableaux |
| 500 | |a«Une initiative conjointe des Fondations communautaires du Canada et de la Commission du droit du Canada». |
| 590 | |a10-15-Supp|b2010-12-10 |
| 691 | 07|aÉquité sociale|2gcpds |
| 691 | 07|aImmigrant|2gcpds |
| 720 | 1 |aWayland, Sarah V. |
| 775 | 08|tUnsettled - legal and policy barriers for newcomers to Canada / |w(CaOODSP)9.694063 |
| 856 | 40|ahttp://publications.gc.ca|qPDF|s515 Ko|uhttps://publications.gc.ca/collections/collection_2010/justice/JL2-76-2006-fra.pdf |